000 00659nam a2200205Ia 4500
003 GCL
008 140319s9999 xx 000 0 ara d
040 _aGCL /
_cGCL
082 0 4 _aق
_b913.3
_bل ا
100 1 _aلين، ادوارد
245 1 0 _aانجليزى يتحدث عن مصر (هدية من الاديب عبدالفتاح الجمل) /
_cلين، ادوارد
700 1 _aفاطمة محجوب(مترجم)
300 _a161 ص
490 _aكتب للجميع
_v0
650 0 4 _aمصر
650 0 4 _aالاحوال الاجتماعية
650 0 4 _aالعادات والتقاليد
650 0 4 _aوصف ورحلات
942 _2ddc
_cBK
999 _c38323
_d38323